|
|
|
|
| LEADER |
01579nam a2200385 a 4500 |
| 001 |
EBC846120 |
| 003 |
MiAaPQ |
| 005 |
20200520144314.0 |
| 006 |
m o d | |
| 007 |
cr cn||||||||| |
| 008 |
120227s2012 si a sb 101 0 eng d |
| 020 |
|
|
|z 981436066X
|
| 020 |
|
|
|z 9789814360661
|
| 020 |
|
|
|a 9789814360678 (electronic bk.)
|
| 035 |
|
|
|a (MiAaPQ)EBC846120
|
| 035 |
|
|
|a (Au-PeEL)EBL846120
|
| 035 |
|
|
|a (CaPaEBR)ebr10529370
|
| 035 |
|
|
|a (CaONFJC)MIL498464
|
| 035 |
|
|
|a (OCoLC)877768008
|
| 040 |
|
|
|a MiAaPQ
|c MiAaPQ
|d MiAaPQ
|
| 050 |
|
4 |
|a HG1521
|b .I58 2010
|
| 111 |
2 |
|
|a International Banking Conference
|n (13th :
|d 2010 :
|c Chicago, Ill.)
|
| 245 |
1 |
0 |
|a Macroprudential regulatory policies
|h [electronic resource] :
|b the new road to financial stability? /
|c edited by Stijn Claessens ... [et al.].
|
| 260 |
|
|
|a Singapore :
|b World Scientific Pub. Co.,
|c 2012.
|
| 300 |
|
|
|a xi, 408 p. :
|b ill.
|
| 490 |
1 |
|
|a World Scientific studies in international economics,
|x 1793-3641 ;
|v v. 17
|
| 504 |
|
|
|a Includes bibliographical references and index.
|
| 533 |
|
|
|a Electronic reproduction. Ann Arbor, MI : ProQuest, 2015. Available via World Wide Web. Access may be limited to ProQuest affiliated libraries.
|
| 650 |
|
0 |
|a Banks and banking
|v Congresses.
|
| 650 |
|
0 |
|a Banking law
|v Congresses.
|
| 655 |
|
4 |
|a Electronic books.
|
| 700 |
1 |
|
|a Claessens, Stijn.
|
| 710 |
2 |
|
|a ProQuest (Firm)
|
| 830 |
|
0 |
|a World Scientific studies in international economics ;
|v v. 17.
|
| 856 |
4 |
0 |
|u https://ebookcentral.proquest.com/lib/matrademy/detail.action?docID=846120
|z Click to View
|